Normal view
MARC view
Entry Personal Name
001 - CONTROL NUMBER
- control field: 12258
003 - CONTROL NUMBER IDENTIFIER
- control field: BD-RjUL
005 - DATE AND TIME OF LATEST TRANSACTION
- control field: 20240312143313.0
008 - FIXED-LENGTH DATA ELEMENTS
- fixed length control field: 240312|| aca||aabn | a|a d
040 ## - CATALOGING SOURCE
- Original cataloging agency: BD-RjUL
- Transcribing agency: BD-RjUL
100 ## - HEADING--PERSONAL NAME
- Personal name: Lamb, Lynton
670 ## - SOURCE DATA FOUND
- Source citation: Work cat.: (BD-RjUL)83327: Mayne, William 12248, A grass rope /, 1957, [reprinted 1968]